000 00632nam a2200229Ia 4500
003 OSt
005 20220925204547.0
006 a|||||r|||| 00| 0
007 ta
008 220923b |||||||| |||| 00| 0 eng d
037 _cGeneral Book
040 _aRTL
_cRTL
_beng
041 _2eng
_aeng
082 _aX:89M, L7
100 _aBrown S C
_990498
245 0 _aHuman aspects of man-made systems.
260 _aGreat
_bBritain Open University Press
_c1977
300 _a354p
_ccm.
700 _a Martin J N T
_9268760
942 _hX:89M, L7
_cGB
_2CC
999 _c549755
_d549755